Normal view
MARC view
- Nitrogen-fixation
Entry Topical Term
001 - CONTROL NUMBER
- control field: 8450
003 - CONTROL NUMBER IDENTIFIER
- control field: OSt
005 - DATE AND TIME OF LATEST TRANSACTION
- control field: 20110105151415.0
008 - FIXED-LENGTH DATA ELEMENTS
- fixed length control field: 110105|||a|||||| | ||| d
040 ## - CATALOGING SOURCE
- Original cataloging agency: OSt
- Transcribing agency: OSt
150 ## - HEADING--TOPICAL TERM
- Topical term or geographic name as entry element: Nitrogen-fixation
670 ## - SOURCE DATA FOUND
- Source citation: Work cat.: (OSt): Bergersen, F.J. , ed. 8436, Methods for evaluating biological nitrogen fixation, 1980
670 ## - SOURCE DATA FOUND
- Source citation: Work cat.: (OSt): Bergersen, F.J. , ed. 8436, Methods for evaluating biological nitrogen fixation, 1980
